[Event "Mittelfranken-chTB2b 1011"]
[Site "Germany"]
[Date "2010.10.17"]
[Round "2.8"]
[White "Lener, Michael"]
[Black "Schmitt, Gunther"]
[Result "1/2-1/2"]
[WhiteElo "1722"]
[BlackElo "1896"]
[PlyCount "58"]
[EventDate "2010.09.26"]
[EventType "team-tourn"]
[EventRounds "9"]
[EventCountry "GER"]
[SourceTitle "EXT 2012"]
[Source "ChessBase"]
[SourceDate "2011.11.24"]
[SourceVersion "1"]
[SourceVersionDate "2011.11.24"]
[SourceQuality "1"]
[WhiteTeam "Nuernberg SK 1911 II"]
[BlackTeam "Nuernberg NT IV"]
[WhiteTeamCountry "GER"]
[BlackTeamCountry "GER"]

1. d4 d5 2. Nf3 e6 3. c4 f5 4. Bf4 Bd6 5. Ne5 c6 6. e3 Nf6 7. c5 Bc7 8. Be2 0-0 9. 0-0 Nbd7 10. Nxd7 Bxd7 11. Bxc7 Qxc7 12. Nd2 e5 13. dxe5 Qxe5 14. b4 f4 15. Nf3 Qe4 16. exf4 Qxf4 17. Qd4 Qc7 18. Rfe1 Bg4 19. Ne5 Bxe2 20. Rxe2 Rae8 21. Rae1 Nd7 22. a4 Nxe5 23. Rxe5 Rxe5 24. Rxe5 Qf7 25. Qe3 Qf6 26. g3 Kf7 27. g4 g6 28. g5 Qd8 29. Qh3 Kg7 1/2-1/2